| 000 | 00683nam a2200241 a 4500 | ||
|---|---|---|---|
| 008 | |||
| 020 | _a0304303399 (pbk.) | ||
| 049 | _aMAIN | ||
| 090 | 0 | _aHD31 GAF | |
| 100 | 1 | _aGaffen, D.H.. | |
| 245 | 1 | 0 |
_aAdministration in business / _c D.H. Gaffen. |
| 260 |
_aLondon : _bCassell Ltd, _c1980. |
||
| 260 |
_aNew York, N.Y. : _bMacmillan, _c1980 |
||
| 300 |
_axii, 233 p. : _bill. ; _c22 cm. |
||
| 490 | _aCassell BEC National Level | ||
| 500 | _aIncludes index. | ||
| 650 | 0 | _aIndustrial management. | |
| 907 |
_a.b10215359 _b29-09-06 _c22-09-06 |
||
| 003 | |||
| 005 | 20230123134249.0 | ||
| 040 | _cNUST | ||
| 942 |
_cBOOKS _kHD31 GAF |
||
| 999 |
_c162879 _d162879 |
||